| 000 | 00426nam a22001697a 4500 | ||
|---|---|---|---|
| 003 | SGT | ||
| 020 | _a9788190648981 | ||
| 082 |
_a615.53 _bC10L |
||
| 100 | _aLAVEKAR, G.S,ed. | ||
| 245 | _aCLINICAL RESEARCH PROTOCOLS FOR TRADITIONAL HEALTH | ||
| 250 | _a1ST | ||
| 260 |
_aNEW DELHI _bCCRAS _c2010 |
||
| 300 | _a1090 | ||
| 650 | _aAYURVEDA | ||
| 653 | _aCLINICAL, RESEARCH, PROTOCOLS, TRADITIONAL, HEALTH | ||
| 942 |
_2ddc _cBK |
||
| 999 |
_c34689 _d34689 |
||